000 00505 a2200145 4500
999 _c327
_d327
008 221229b ||||| |||| 00| 0 eng d
020 _a9781856091848
082 0 0 _a387.5448
_bS5789
110 _95060
_aSociety of International Gas Tanker and Terminal Operators
245 _aA risk based approach for the evaluation of firefighting equipment on liquefied gas jetties /
260 _aScotland:
_bWitherby Publishing Group Ltd.,
_c2015.
300 _aV, 69 p.
650 0 _aRisk management
942 _2ddc
_cBK